000 00167nam a2200073Ia 4500
008 170620s9999 xx 000 0 und d
100 _aSiddiqui
245 0 _aPRARAMBHIK GANIT SHIKSHA
260 _bAPOLO
999 _c27439
_d27439